<?xml version="1.0" encoding="UTF-8"?>
<record
    xmlns:xsi="http://www.w3.org/2001/XMLSchema-instance"
    xsi:schemaLocation="http://www.loc.gov/MARC21/slim http://www.loc.gov/standards/marcxml/schema/MARC21slim.xsd"
    xmlns="http://www.loc.gov/MARC21/slim">

  <leader>04544nab a2200313 i 4500</leader>
  <controlfield tag="003">BR-BrBNA</controlfield>
  <controlfield tag="005">20250819153138.0</controlfield>
  <controlfield tag="008">250819b2015    bl.qr|pooa||| 00| 0 por |</controlfield>
  <datafield tag="040" ind1=" " ind2=" ">
    <subfield code="a">BR-BrBNA</subfield>
    <subfield code="b">por</subfield>
  </datafield>
  <datafield tag="072" ind1=" " ind2=" ">
    <subfield code="a">P33</subfield>
  </datafield>
  <datafield tag="100" ind1=" " ind2=" ">
    <subfield code="a">Mantovanelli, Bruno Campos </subfield>
  </datafield>
  <datafield tag="100" ind1=" " ind2=" ">
    <subfield code="a">Silva, Diogo Andr&#xE9; Pinheiro da </subfield>
  </datafield>
  <datafield tag="100" ind1=" " ind2=" ">
    <subfield code="a">Campos, Milton C&#xE9;sar Costa </subfield>
  </datafield>
  <datafield tag="100" ind1=" " ind2=" ">
    <subfield code="a">Gomes,  Rom&#xE1;rio Pimenta </subfield>
  </datafield>
  <datafield tag="100" ind1=" " ind2=" ">
    <subfield code="a">Soares, Marcelo Dayron Rodrigues </subfield>
  </datafield>
  <datafield tag="100" ind1=" " ind2=" ">
    <subfield code="a">Santos, Lu&#xED;s Ant&#xF4;nio Coutrim dos </subfield>
  </datafield>
  <datafield tag="245" ind1=" " ind2=" ">
    <subfield code="a">Avalia&#xE7;&#xE3;o dos atributos do solo sob diferentes usos na regi&#xE3;o de Humait&#xE1;, Amazonas</subfield>
  </datafield>
  <datafield tag="500" ind1=" " ind2=" ">
    <subfield code="a">

Publica&#xE7;&#xE3;o online; 28 ref.; 4 tables; Summaries (En, Pt)</subfield>
  </datafield>
  <datafield tag="520" ind1=" " ind2=" ">
    <subfield code="a">


RESUMO:    A implanta&#xE7;&#xE3;o de atividades florestais, agr&#xED;colas e pecu&#xE1;ria vem modificando a cobertura vegetal original de grande parte do territ&#xF3;rio brasileiro. Ecossistemas naturais, como o cerrado e a floresta amaz&#xF4;nica, v&#xEA;m perdendo suas caracter&#xED;sticas originais e cedendo lugar para essas atividades. O objetivo foi avaliar os atributos do solo sob diferentes usos na fazenda Santa Rita, em Humait&#xE1;, Amazonas no per&#xED;odo de 2012 a 2013. O solo foi classificado como Cambissolo H&#xE1;plico Al&#xED;tico pl&#xED;ntico. Foram selecionadas tr&#xEA;s &#xE1;reas: &#xE1;rea de pastagem abandonada, &#xE1;rea de agricultura abandonada e &#xE1;rea de campo nativo, com vegeta&#xE7;&#xE3;o nativa. Em cada sistema de uso, foi demarcada uma &#xE1;rea de 60 &#xD7; 80 m, com 12 pontos amostrais, e os solos foram coletados nas camadas de 0,00 - 0,05 m e 0,05 - 0,10 m, com estrutura preservada, totalizando, assim, 24 amostras por sistema de uso. Realizaram-se as seguintes an&#xE1;lises f&#xED;sicas: textura, macroporosidade, microporosidade, porosidade total, umidade volum&#xE9;trica do solo, densidade do solo, estabilidade de agregados. Realizaram-se as seguintes an&#xE1;lises qu&#xED;micas: pH em &#xE1;gua, acidez potencial, alum&#xED;nio troc&#xE1;vel, carbono org&#xE2;nico e estoque de carbono. Para a an&#xE1;lise dos dados, foram utilizadas as estat&#xED;sticas univariada e multivariada. A substitui&#xE7;&#xE3;o da vegeta&#xE7;&#xE3;o nativa por sistemas de usos ocasionou altera&#xE7;&#xF5;es nos atributos f&#xED;sicos e qu&#xED;micos do solo. O uso das t&#xE9;cnicas multivariadas mostrou-se eficiente na distin&#xE7;&#xE3;o de ambientes sobre os sistemas de usos estudados. 


PALAVRAS-CHAVE:   Floresta Amaz&#xF4;nica, Ecossistemas naturais, Cambissolo</subfield>
  </datafield>
  <datafield tag="520" ind1=" " ind2=" ">
    <subfield code="a">


ABSTRACT:     The  implementation  of  forestry,  agricultural  and  livestock  activities  is  modifying the original vegetation of much of the Brazilian territory. Natural ecosystems such  as  savanna  and  the  Amazon  rain  forest  have  been  losing  their  original  features,  making  room  for  these  activities.  The  objective  of  the  present  study  was  to  evaluate  the  soil attributes of areas under different land uses in the region of Humait&#xE1;. The study was conducted between 2012 and 2013 in the municipality of Santa Rita Humaita, Amazonas state, Brazil. The soil was classified as Alitic Plinthic Haplic Cambisol. Three areas were selected:  area  of  abandoned  pasture,  area  of  abandoned  agriculture,  and  natural  area  with  native  vegetation.  In  each  use  system,  an  area  of  60  &#xD7;  80  m  with  twelve  sampling  points  was  demarcated  and  soils  were  collected  in  layers  from  0.00  to  0.05  and  0.05  to  0.10 m depths with preserved structure, totaling 24 samples per use system. The following physical analyses were conducted: texture, macroporosity, microporosity, total porosity, soil water content, bulk density and aggregate stability. The following chemical analyses were carried  out:  pH,  potential  acidity,  exchangeable  aluminum,  organic  carbon  and  carbon  stock. Univariate and multivariate statistical analyses were performed. The replacement of  the  native  vegetation  with  use  systems  causes  changes  in  physical  and  chemical  soil  properties. The use of multivariate techniques was effective in distinguishing environments of the use systems studied. 



KEYWORDS   Amazon forest, Natural ecosystems, Cambisol</subfield>
  </datafield>
  <datafield tag="650" ind1=" " ind2=" ">
    <subfield code="a">ECOSSISTEMA</subfield>
  </datafield>
  <datafield tag="650" ind1=" " ind2=" ">
    <subfield code="a">AN&#xC1;LISE DO SOLO</subfield>
  </datafield>
  <datafield tag="650" ind1=" " ind2=" ">
    <subfield code="a">USO DA TERRA</subfield>
  </datafield>
  <datafield tag="650" ind1=" " ind2=" ">
    <subfield code="a">AMAZONAS</subfield>
  </datafield>
  <datafield tag="773" ind1="0" ind2=" ">
    <subfield code="0">3551</subfield>
    <subfield code="9">345985</subfield>
    <subfield code="d">Bel&#xE9;m-PA Faculdade de Ci&#xEA;ncias Agr&#xE1;rias do Par&#xE1; 1999</subfield>
    <subfield code="o">2024-6634</subfield>
    <subfield code="t">Revista de Ci&#xEA;ncias Agr&#xE1;rias (Brazil)</subfield>
    <subfield code="x">1517-591X Impresso/Vers&#xE3;o online ISSN 2177-8760</subfield>
    <subfield code="g">v. 58(2) p. 122-130; (2015)</subfield>
    <subfield code="w">BR2025002697</subfield>
  </datafield>
  <datafield tag="856" ind1=" " ind2=" ">
    <subfield code="u">https://ajaes.ufra.edu.br/index.php/ajaes/article/view/1822/631</subfield>
  </datafield>
  <datafield tag="942" ind1=" " ind2=" ">
    <subfield code="c">ANA</subfield>
  </datafield>
  <datafield tag="999" ind1=" " ind2=" ">
    <subfield code="c">337683</subfield>
    <subfield code="d">337683</subfield>
  </datafield>
</record>
